<?xml version="1.0" encoding="UTF-8"?>
<record
    xmlns:xsi="http://www.w3.org/2001/XMLSchema-instance"
    xsi:schemaLocation="http://www.loc.gov/MARC21/slim http://www.loc.gov/standards/marcxml/schema/MARC21slim.xsd"
    xmlns="http://www.loc.gov/MARC21/slim">

  <leader>00296nam a2200097 a 4500</leader>
  <controlfield tag="005">20200930070123.0</controlfield>
  <controlfield tag="008">110823s2004                  000   spa d</controlfield>
  <datafield tag="245" ind1=" " ind2="3">
    <subfield code="a">El amor de una Dominicana salv&#xF3; la vida a Bol&#xED;var.</subfield>
  </datafield>
  <datafield tag="260" ind1=" " ind2=" ">
    <subfield code="a">Ciudad Trujillo, Rep&#xFA;blica Dominicana,</subfield>
    <subfield code="c">[195u].</subfield>
  </datafield>
  <datafield tag="999" ind1=" " ind2=" ">
    <subfield code="c">32731</subfield>
    <subfield code="d">32731</subfield>
  </datafield>
  <datafield tag="040" ind1=" " ind2=" ">
    <subfield code="a">DO-SdBNP</subfield>
  </datafield>
</record>
